| 000 | 00645nam a2200169 4500 | ||
|---|---|---|---|
| 001 | 111799 | ||
| 003 | ES-MaACL | ||
| 005 | 20230906185350.0 | ||
| 007 | t| | ||
| 008 | 061121s1926 fr r ||||1| spa d | ||
| 100 | 1 |
_aGonzález, J. Natalicio. _958323 |
|
| 245 | 1 | 0 |
_aSolano López y otros ensayos / _cJ. Natalicio López. |
| 260 |
_aParís : _bBerger-Levrault, _c1926. |
||
| 300 |
_a167 p. ; _c16 cm. |
||
| 505 | 8 | _aContiene: Pág. 3, Solano López. Pág. 33, Simón Bolivar. Pág. 51, Misión del arte. Pág.67, Arsenio López. Pág. 87, Juan E. O'Leary. Pág. 141, Evolución política y literaria del Paraguay | |
| 852 |
_aES-MaACL _jG-2042 |
||
| 999 |
_c111799 _d111799 |
||